00406nam a22001337a 4500082001400000100002100014245003300035260003500068300000800103650002800111942000700139952010900146999001700255 a226.5 BRO aBrown, Raymon E. aThe Gospel According to Jhon aLondonbGeoffrey Chapmanc1971 a538 aBible N T aGospel John cBK 00104070aHMIbHMId2017-02-17eDr Andreas D'Souzal0o226.5 BROp11002591r2026-01-16w2026-01-16yEB c20273d20273